| 000 | 00794nam a2200241Ia 4500 | ||
|---|---|---|---|
| 005 | 20220511132642.0 | ||
| 008 | 210716s2019 xx 000 0 und d | ||
| 020 | _a9789353286286 | ||
| 040 | _cAIMIT LIBRARY | ||
| 041 | _aeng | ||
| 082 |
_a658.322 _21 _bSHAR |
||
| 100 |
_aSharma, R C. _936064 |
||
| 245 |
_aCompensation management / _cBy R. C. Sharma and Sulabh Sharma. |
||
| 250 | _a1st ed. | ||
| 260 |
_aNew Delhi : _bSage Publications , _c2019. |
||
| 300 |
_axx, 370p., I-5. _c24 cm. |
||
| 650 |
_aCompensation Management _936065 |
||
| 650 |
_aContingent Pay _936066 |
||
| 650 |
_aAdministrating and Controlling Salary Costs and Salary Review _936067 |
||
| 650 |
_aCompensation and Reward Management _936068 |
||
| 700 |
_aSharma, Sulabh. _936069 |
||
| 942 |
_2ddc _cBK _e1st _iSHAR |
||
| 999 |
_c211420 _d211420 |
||